01308nam a22002537a 450000500170000000800410001702000150005805000150007310000300008824500590011825000180017726000400019530000210023533600100025633700140026633800120028049000310029250000830032350002200040650400390062650503480066565000210101365000200103420231102152011.0161126s2012 mx ||||| |||| 00| 0 spa d a968426829714aHM131bR63 aDíaz Real, Mayraeautor10aIntegración de equiposc / Mauro Rodríguez Estrada a2a. edición30aMéxicob : Manual Modernoc, 2012 axi, 78 páginas atexto asin medio avolumen00aCapacitación Integralv3 aIncluye: contenido, introducción, objetivos generales y material audiovisual aVol. 1. Administración del tiempo Vol. 2. Relaciones humanas Vol. 3. Integración de equipos Vol. 7. Planeación de vida y trabajo Vol. 8. Manejo de problemas y toma de decisiones Vol. 9. Motivación al trabajo aContiene bibliografía (pp.75-76) aContenido: Los grupos en la vida del hombre Tipos de grupos: el grupo y el equipo El estudio científico de los grupos La dinámica grupal Estructuras y procesos de los grupos El individuo en el grupo El grupo como lugar óptimo de crecimiento personal Los equipos de trabajo Aspectos críticos en el proceso grupal El manejo de los grupos10aSOCIALIZACIÓN 24aGRUPOS SOCIALES